| 000 | 00879cam a2200217 a 4500 | ||
|---|---|---|---|
| 020 | _a0419216804 | ||
| 082 | 0 | 0 |
_a693.8 _bFIR _cL-NUST, P-05 |
| 245 | 1 | 0 |
_aFire, static, and dynamic tests of building structures : _bproceedings of the Second Cardington Conference, Cardington, England, 12-14 March 1996 / _cedited by G.S.T. Armer and T. O'Dell. |
| 250 | _a1st ed. | ||
| 260 |
_aLondon ; _aNew York : _bE & FN Spon, _c1997. |
||
| 300 |
_avi, 286 p. : _bill. ; _c24 cm. |
||
| 526 |
_a0 _b0 _c0 _d693_800000000000000_FIR |
||
| 650 | 0 |
_aBuildings _xTesting _xCongresses. _945431 |
|
| 650 | 0 |
_aFire testing _xCongresses. _945432 |
|
| 650 | 0 |
_aNUST _96342 |
|
| 650 | 0 |
_aStructural analysis (Engineering) _xCongresses. _945433 |
|
| 700 | 1 |
_aArmer, G. S. T. _945434 |
|
| 700 | 1 |
_aO'Dell, T. _945435 |
|
| 856 | 4 | 2 | _uhttp://www.loc.gov/catdir/enhancements/fy0651/97132428-d.html |
| 942 |
_2ddc _cBK |
||
| 999 |
_c548955 _d548955 |
||